Nhân ái
Giới thiệu một số câu chuyện kể về những nét phẩm cách cao đẹp trong cuộc sống đời thường và làm việc của Chủ tịch Hồ Chí Minh - vị lãnh tụ vĩ đại của dân tộc Việt Nam
Đã lưu trong:
| Hovedforfatter: | |
|---|---|
| Andre forfattere: | |
| Format: | Bog |
| Sprog: | Undetermined |
| Udgivet: |
H.
Văn học
2014
|
| Fag: | |
| Online adgang: | http://lrc.tdmu.edu.vn/opac/search/detail.asp?aID=2&ID=22073 |
| Tags: |
Tilføj Tag
Ingen Tags, Vær først til at tagge denne postø!
|
| Thư viện lưu trữ: | Trung tâm Học liệu Trường Đại học Thủ Dầu Một |
|---|
| LEADER | 00991nam a2200217Ia 4500 | ||
|---|---|---|---|
| 001 | TDMU_22073 | ||
| 008 | 210410s9999 xx 000 0 und d | ||
| 082 | |a 959.704092 | ||
| 090 | |b S455 | ||
| 100 | |a Sông Lam | ||
| 245 | 0 | |a Nhân ái | |
| 245 | 0 | |c Sông Lam, Dũng Quyết (Sưu tầm, tuyển chọn) | |
| 260 | |a H. | ||
| 260 | |b Văn học | ||
| 260 | |c 2014 | ||
| 300 | |a 191tr. | ||
| 520 | |a Giới thiệu một số câu chuyện kể về những nét phẩm cách cao đẹp trong cuộc sống đời thường và làm việc của Chủ tịch Hồ Chí Minh - vị lãnh tụ vĩ đại của dân tộc Việt Nam | ||
| 650 | |a Truyện kể |x Đạo đức Hồ Chí Minh; Đạo đức Hồ Chí Minh |x Truyện kể | ||
| 700 | |a Dũng, Quyết | ||
| 856 | |u http://lrc.tdmu.edu.vn/opac/search/detail.asp?aID=2&ID=22073 | ||
| 980 | |a Trung tâm Học liệu Trường Đại học Thủ Dầu Một | ||